Lost in the snow / (Record no. 3877)

MARC details
000 -LEADER
fixed length control field 01110cam a22003253a 4500
001 - CONTROL NUMBER
control field 3877
003 - CONTROL NUMBER IDENTIFIER
control field FISKH
005 - DATE AND TIME OF LATEST TRANSACTION
control field 20240704134911.0
008 - FIXED-LENGTH DATA ELEMENTS--GENERAL INFORMATION
fixed length control field 040914s2004 nyua b 000 1 eng d
010 ## - LIBRARY OF CONGRESS CONTROL NUMBER
LC control number 2004558260
020 ## - INTERNATIONAL STANDARD BOOK NUMBER
International Standard Book Number 0439569907 (pbk.)
020 ## - INTERNATIONAL STANDARD BOOK NUMBER
International Standard Book Number 9780439569903
035 ## - SYSTEM CONTROL NUMBER
System control number (OCoLC)ocm55084210
040 ## - CATALOGING SOURCE
Original cataloging agency CQF
Transcribing agency CQF
Modifying agency DLC
Language of cataloging eng
050 00 - LIBRARY OF CONGRESS CALL NUMBER
Classification number MLCM 2006/42980
082 04 - DEWEY DECIMAL CLASSIFICATION NUMBER
Classification number 551.578
Edition number 22
100 1# - MAIN ENTRY--PERSONAL NAME
Personal name Cole, Joanna.
245 10 - TITLE STATEMENT
Title Lost in the snow /
Statement of responsibility, etc. Joanna Cole ; illustrations by Carolyn Bracken.
260 ## - PUBLICATION, DISTRIBUTION, ETC.
Place of publication, distribution, etc. New York :
Name of publisher, distributor, etc. Scholastic,
Date of publication, distribution, etc. 2004.
300 ## - PHYSICAL DESCRIPTION
Extent 32 unnumbered pages :
Other physical details color illustrations ;
Dimensions 23 cm
440 #0 - SERIES STATEMENT/ADDED ENTRY--TITLE
Title Scholastic reader.
Number of part/section of a work Level 2
505 ## - FORMATTED CONTENTS NOTE
Formatted contents note H<br/>
520 ## - SUMMARY, ETC.
Summary, etc. Ms. Frizzle's students want to know what makes snow, so she proposes a field trip courtesy of the Magic School Bus, but disaster strikes when they lose Ms. Frizzle.
521 8# - TARGET AUDIENCE NOTE
Target audience note 420 <br/>
Source Lexile <br/>
521 8# - TARGET AUDIENCE NOTE
Target audience note H <br/>
Source Raz-PLus <br/>
650 #0 - SUBJECT ADDED ENTRY--TOPICAL TERM
Topical term or geographic name entry element Snow
Form subdivision Juvenile fiction.
700 1# - ADDED ENTRY--PERSONAL NAME
Personal name Bracken, Carolyn.
Relationship illustrator
906 ## - LOCAL DATA ELEMENT F, LDF (RLIN)
a 7
b cbc
c copycat
d 2
e ncip
f 20
g y-gencatlg
942 ## - ADDED ENTRY ELEMENTS (KOHA)
Source of classification or shelving scheme Dewey Decimal Classification
Koha item type Books
Suppress in OPAC No
Holdings
Withdrawn status Lost status Source of classification or shelving scheme Damaged status Not for loan Collection Home library Current library Shelving location Date acquired Total Checkouts Full call number Barcode Date last seen Date last checked out Copy number Price effective from Koha item type
    Dewey Decimal Classification     Non-Fiction Footprints International School Library Network Toul Kork Campus Footprints International School Library Network Toul Kork Campus TK Primary Library Room(4th Floor), Bookcase 1&2, Shelves 1-16, Dark Blue Books 05/20/2024 6 COL 551.5784 PZ7.C65 FISBK02752 12/18/2025 12/11/2025 1 05/20/2024 Books
    Dewey Decimal Classification     Non-Fiction Footprints International School Library Network Toul Kork Campus Footprints International School Library Network Toul Kork Campus TK Primary Library Room(4th Floor), Bookcase 1&2, Shelves 1-16, Dark Blue Books 07/04/2024 5 COL 551.5784 PZ7.C65 FISBK02745 03/12/2026 03/05/2026 2 07/04/2024 Books